000 00837nam a2200241Ia 4500
003 GCL
008 140319s9999 xx 000 0 ara d
020 _a0092329957
040 _aGCL /
_cGCL
082 0 4 _a371.2
_bع ق
100 1 _aعلى احمد عبدالرحمن عياصرة
245 1 0 _aالقيادة والدافعية فى الادارة التربوية /
_cعلى احمد عبدالرحمن عياصرة
250 _aالاولى
260 _aالاردن :
_bدار الحامد للنشر والتوزيع ،
_c2006
300 _a240ص ؛
_c24سم
650 0 4 _aالادارة التعليمية
650 0 4 _aالتدريب
650 0 4 _aالدافعية
650 0 4 _aالمدرسون
650 0 4 _aالمدارس - تنظيم وادارة
650 0 4 _aالمدرسون - تقييم
942 _2ddc
_cBK
999 _c8537
_d8537